| 000 | 00738nam a22001337a 4500 | ||
|---|---|---|---|
| 040 | _cRUA | ||
| 082 | _aAVM DUO 2018 B654 Or.1 | ||
| 100 | _aDUONG PHIRUNY ជូន ភិរុនី | ||
| 245 | _acurrent practices of smallholder farmer and disease management of pigs in battambang province ការអនុវត្តរបស់កសិករ និងផ្នាក់ងារសុខភាពសត្វភូមិនៅលើការគ្រប់គ្រងជំងឺជ្រូក នៅខេត្តបាត់ដំបង | ||
| 260 |
_aRUA _bPhnom penh _c2018 |
||
| 300 |
_a ix;36p _bill; _c29cm |
||
| 856 | _u https://drive.google.com/file/d/1C8FIEfIIvhTz9V2PSPeeyKOZhyRvlxD1/view?usp=sharing | ||
| 942 | _cAVM | ||
| 999 |
_c18613 _d18613 |
||